[Event "DEM U12/U12w 2009"]
[Site "Willingen GER"]
[Date "2009.06.01"]
[Round "4"]
[White "Lampert, Jonas"]
[Black "Kvetny, Mark"]
[Result "1-0"]
[Termination "normal"]
[Board "3"]
[WhiteElo "1977"]
[BlackElo "1858"]
[PlyCount "45"]
[WhiteFideId "1303759"]
[BlackFideId "24603929"]
[EventCountry "GER"]
[EventRounds "11"]
[EventType "swiss"]
[EventDate "2009.05.30"]

1. e4 c5 2. Nf3 e6 3. d4 cxd4 4. Nxd4 a6 5. Bd3 Nf6 6. O-O Qc7 7. Qe2 d6 8. c4
Be7 9. Nc3 Nbd7 10. a4 Ne5 11. a5 Bd7 12. b3 O-O 13. Bd2 Nc6 14. Nxc6 Bxc6 15.
Na4 Nd7 16. Bc2 Rfe8 17. Bc3 d5 18. exd5 exd5 19. cxd5 Bf6 20. Qd3 Bxa4 21. d6
Qxd6 22. Qxd6 Bxc3 23. Rxa4 1-0

[Event "DEM U12/U12w 2009"]
[Site "Willingen GER"]
[Date "2009.06.01"]
[Round "4"]
[White "Blübaum, Matthias"]
[Black "Yankelevich, Lev"]
[Result "0-1"]
[Termination "normal"]
[Board "4"]
[WhiteElo "2051"]
[BlackElo "1898"]
[PlyCount "92"]
[WhiteFideId "24651516"]
[BlackFideId "24684074"]
[EventCountry "GER"]
[EventRounds "11"]
[EventType "swiss"]
[EventDate "2009.05.30"]

1. d4 Nf6 2. c4 d6 3. Nc3 Bf5 4. Nf3 Nbd7 5. Qb3 Qc8 6. g3 e5 7. Bg2 c6 8. O-O
Be7 9. Re1 O-O 10. e4 Bg6 11. Bg5 Qc7 12. Rad1 Rfe8 13. Rd2 Rad8 14. Qd1 a6 15.
a4 a5 16. Qc1 Kh8 17. Nh4 exd4 18. Nxg6+ hxg6 19. Rxd4 Nc5 20. Rdd1 Nfd7 21.
Bxe7 Rxe7 22. Qc2 Na6 23. Rd4 Nb4 24. Qe2 Nc5 25. Red1 Nb3 26. R4d3 Nxd3 27.
Qxd3 Nc5 28. Qd4 Rdd7 29. Bh3 Rd8 30. Bg2 Kg8 31. f4 Ree8 32. Kh1 Qb6 33. Qf2
Qb3 34. Rd4 Nxa4 35. Nxa4 Qxa4 36. h3 c5 37. Rd5 Qxc4 38. f5 Re5 39. fxg6 fxg6
40. Rd1 Rf8 41. Qd2 Rf6 42. Qxa5 Kh7 43. Qc7 Rxe4 44. Rxd6 Rxd6 45. Qxd6 Re1+
46. Kh2 Qd4 0-1

[Event "DEM U12/U12w 2009"]
[Site "Willingen GER"]
[Date "2009.06.01"]
[Round "4"]
[White "Birnkraut, Tim"]
[Black "Schuhmacher, Jakob"]
[Result "1/2-1/2"]
[Termination "normal"]
[Board "5"]
[WhiteElo "1328"]
[BlackElo "1650"]
[PlyCount "115"]
[WhiteFideId "24609587"]
[BlackFideId "4612787"]
[EventCountry "GER"]
[EventRounds "11"]
[EventType "swiss"]
[EventDate "2009.05.30"]

1. e4 e6 2. d4 d5 3. Nd2 dxe4 4. Nxe4 Nd7 5. Nf3 Ngf6 6. Bg5 Be7 7. Nxf6+ Bxf6
8. Bxf6 Nxf6 9. Be2 Bd7 10. O-O O-O 11. c4 Rc8 12. b3 c5 13. Re1 Qb6 14. dxc5
Qxc5 15. Qd4 Qxd4 16. Nxd4 Rfd8 17. Bf3 b6 18. Rad1 h6 19. a4 Be8 20. Nb5 Bxb5
21. axb5 Kf8 22. Ra1 Rc7 23. Red1 Rxd1+ 24. Rxd1 Rd7 25. Rxd7 Nxd7 26. b4 Ke7
27. Kf1 Kd6 28. Ke2 Ne5 29. Kd2 Nxc4+ 30. Kc3 Ne5 31. Be2 Ng6 32. g3 e5 33. Bc4
f6 34. Bd3 Ne7 35. Be4 f5 36. Bg2 e4 37. f3 Nd5+ 38. Kd4 e3 39. Kd3 f4 40. Bf1
Nxb4+ 41. Ke4 Kc5 42. Kxf4 Kd4 43. Kf5 Nd3 44. f4 Nc1 45. Kg6 e2 46. Bxe2 Nxe2
47. Kxg7 Ke4 48. Kxh6 Nd4 49. Kg6 Nxb5 50. h4 Nd6 51. h5 Nf5 52. g4 Ne7+ 53.
Kf6 Kxf4 54. Kxe7 Kg5 55. h6 Kxh6 56. Kf6 Kh7 57. Kf7 Kh6 58. Kf6 1/2-1/2

[Event "DEM U12/U12w 2009"]
[Site "Willingen GER"]
[Date "2009.06.01"]
[Round "4"]
[White "Tennert, Simon"]
[Black "Ruff, Maximilian"]
[Result "1/2-1/2"]
[Termination "normal"]
[Board "6"]
[WhiteElo "1729"]
[BlackElo "1651"]
[PlyCount "62"]
[WhiteFideId "1270445"]
[BlackFideId "1271670"]
[EventCountry "GER"]
[EventRounds "11"]
[EventType "swiss"]
[EventDate "2009.05.30"]

1. e4 e5 2. Nf3 Nc6 3. d4 exd4 4. Nxd4 Nf6 5. Nxc6 bxc6 6. e5 Qe7 7. Qe2 Nd5 8.
c4 Ba6 9. b3 g6 10. g3 Bg7 11. Bb2 O-O 12. Bg2 Rfe8 13. O-O Nb6 14. Re1 Bb7 15.
Nd2 d6 16. f4 Nd7 17. Nf3 c5 18. Rad1 f6 19. Ba1 Rab8 20. Qd2 Bxf3 21. Bxf3
fxe5 22. fxe5 Nxe5 23. Bd5+ Kh8 24. Bxe5 Bxe5 25. Rf1 Rf8 26. Rf3 Rxf3 27. Bxf3
Rf8 28. Rf1 Bd4+ 29. Kg2 Qe3 30. Qxe3 Bxe3 31. Re1 Bg5 1/2-1/2

[Event "DEM U12/U12w 2009"]
[Site "Willingen GER"]
[Date "2009.06.01"]
[Round "4"]
[White "Koop, Thorben"]
[Black "Xiong, Ferdinand"]
[Result "1-0"]
[Termination "normal"]
[Board "7"]
[WhiteElo "1735"]
[BlackElo "1815"]
[PlyCount "65"]
[WhiteFideId "24661619"]
[BlackFideId "24654132"]
[EventCountry "GER"]
[EventRounds "11"]
[EventType "swiss"]
[EventDate "2009.05.30"]

1. d4 Nf6 2. c4 g6 3. Nc3 Bg7 4. Nf3 O-O 5. g3 d6 6. Bg2 Nbd7 7. O-O e5 8. e4
Ne8 9. Be3 f5 10. dxe5 Nxe5 11. Nxe5 Bxe5 12. f4 Bg7 13. Bd4 fxe4 14. Bxg7 Nxg7
15. Nxe4 Be6 16. b3 Nf5 17. Re1 Qd7 18. Ng5 Bf7 19. Qd2 c6 20. Rad1 Rae8 21.
Ne4 Qd8 22. g4 Nh6 23. g5 Nf5 24. Nf6+ Kh8 25. Nxe8 Rxe8 26. Rxe8+ Qxe8 27. Bh3
Ng7 28. Kh1 d5 29. cxd5 cxd5 30. Bg2 Nf5 31. Bxd5 Bxd5+ 32. Qxd5 Nd6 33. Qe5+
1-0

[Event "DEM U12/U12w 2009"]
[Site "Willingen GER"]
[Date "2009.06.01"]
[Round "4"]
[White "Zimmermann, Christian"]
[Black "Schoepe, Tobias"]
[Result "1-0"]
[Termination "normal"]
[Board "8"]
[WhiteElo "1655"]
[BlackElo "1576"]
[PlyCount "89"]
[WhiteFideId "24692069"]
[BlackFideId "24692107"]
[EventCountry "GER"]
[EventRounds "11"]
[EventType "swiss"]
[EventDate "2009.05.30"]

1. e4 c5 2. Nf3 e6 3. d4 cxd4 4. Nxd4 a6 5. Bd3 Qc7 6. Be3 Nf6 7. f3 Be7 8. Qd2
Nc6 9. Nc3 b5 10. O-O-O Bb7 11. Kb1 d6 12. g4 Nd7 13. h4 Nde5 14. Be2 Qa5 15.
Nb3 Qc7 16. g5 Na5 17. Nxa5 Qxa5 18. f4 b4 19. Nd5 exd5 20. fxe5 dxe5 21. exd5
Rd8 22. Bc4 Qc7 23. Bb3 Bd6 24. Qf2 Qe7 25. Ba4+ Kf8 26. Rhf1 Rc8 27. Bb3 a5
28. Bb6 Ra8 29. Ba4 Ba6 30. Rfe1 Bb7 31. Rd3 h6 32. g6 f6 33. h5 Rc8 34. Bb5
Ra8 35. Qf3 Ba6 36. Bxa6 Rxa6 37. Bd4 Qc7 38. Rde3 Ra8 39. Bxe5 Bxe5 40. Rxe5
Rc8 41. R5e2 a4 42. Qe4 Qd7 43. Qxb4+ Kg8 44. Re7 Qd8 45. Qb7 1-0

[Event "DEM U12/U12w 2009"]
[Site "Willingen GER"]
[Date "2009.06.01"]
[Round "4"]
[White "Bluhm, Sonja Maria"]
[Black "Ott, Florian"]
[Result "1/2-1/2"]
[Termination "normal"]
[Board "10"]
[WhiteElo "1714"]
[BlackElo "1567"]
[PlyCount "69"]
[WhiteFideId "24654027"]
[BlackFideId "12900281"]
[EventCountry "GER"]
[EventRounds "11"]
[EventType "swiss"]
[EventDate "2009.05.30"]

1. e4 e6 2. d4 d5 3. e5 c5 4. c3 Nc6 5. Be3 cxd4 6. cxd4 Bd7 7. Nc3 Nge7 8. g4
Ng6 9. f4 Be7 10. Nf3 Nh4 11. g5 Nf5 12. Bf2 h6 13. gxh6 Rxh6 14. Qd2 Bh4 15.
Nxh4 Nxh4 16. O-O-O a6 17. Kb1 b5 18. Qc2 Rc8 19. Qb3 Ng6 20. Bg3 Nge7 21. a3
Na5 22. Qc2 Nec6 23. b4 Nc4 24. Bxc4 bxc4 25. Kc1 a5 26. b5 Na7 27. a4 Qe7 28.
Kd2 g5 29. Rhg1 f5 30. Rdf1 g4 31. Ra1 Rb8 32. Rgb1 Rb6 33. Ne2 Qd8 34. Rb2 Qb8
35. Qc3 1/2-1/2

[Event "DEM U12/U12w 2009"]
[Site "Willingen GER"]
[Date "2009.06.01"]
[Round "4"]
[White "Müller, Constantin"]
[Black "Volz, Alexander"]
[Result "1/2-1/2"]
[Termination "normal"]
[Board "11"]
[WhiteElo "1565"]
[BlackElo "1650"]
[PlyCount "61"]
[WhiteFideId "24697630"]
[BlackFideId "4669126"]
[EventCountry "GER"]
[EventRounds "11"]
[EventType "swiss"]
[EventDate "2009.05.30"]

1. e4 e5 2. Nf3 Nc6 3. Bc4 Bc5 4. c3 Nf6 5. d3 d6 6. Bb3 O-O 7. Nbd2 Be6 8. Bc2
d5 9. Qe2 dxe4 10. dxe4 Qe7 11. O-O Rad8 12. h3 h6 13. Re1 Rd7 14. b4 Bd6 15.
Bb2 Rdd8 16. a3 Nd7 17. c4 b6 18. Ba4 Ncb8 19. Rac1 f6 20. Rc2 c5 21. b5 Rfe8
22. Nf1 Nf8 23. Bc1 Ng6 24. Be3 Bc7 25. Bb3 Nd7 26. Rd1 Ndf8 27. Rcd2 Rxd2 28.
Rxd2 Rd8 29. N1h2 Rxd2 30. Qxd2 Qd7 31. a4 1/2-1/2

[Event "DEM U12/U12w 2009"]
[Site "Willingen GER"]
[Date "2009.06.01"]
[Round "4"]
[White "Hirschmann, Jakob"]
[Black "Sabirov, Ramil"]
[Result "1/2-1/2"]
[Termination "normal"]
[Board "12"]
[WhiteElo "1678"]
[BlackElo "1518"]
[PlyCount "59"]
[WhiteFideId "24652067"]
[BlackFideId "12900303"]
[EventCountry "GER"]
[EventRounds "11"]
[EventType "swiss"]
[EventDate "2009.05.30"]

1. e4 c5 2. Nc3 e6 3. Nge2 Nc6 4. g3 a6 5. Bg2 Nf6 6. d3 Be7 7. h3 O-O 8. O-O
d6 9. f4 Qc7 10. Be3 b5 11. d4 Rd8 12. Qe1 Bb7 13. e5 dxe5 14. fxe5 cxd4 15.
exf6 Bxf6 16. Bf4 Qb6 17. Qf2 Nb4 18. Ne4 Be7 19. Bd2 f5 20. Bxb4 Bxb4 21. a3
Be7 22. Nd2 Bg5 23. Nf4 e5 24. Bxb7 Qxb7 25. Ng2 e4 26. h4 Bh6 27. Nb3 g6 28.
Nc5 Qd5 29. b4 Qc4 30. Rae1 1/2-1/2

[Event "DEM U12/U12w 2009"]
[Site "Willingen GER"]
[Date "2009.06.01"]
[Round "4"]
[White "Imcke, Patrick"]
[Black "Wolff, Christopher"]
[Result "1-0"]
[Termination "normal"]
[Board "13"]
[WhiteElo "1711"]
[BlackElo "1494"]
[PlyCount "65"]
[WhiteFideId "4622502"]
[EventCountry "GER"]
[EventRounds "11"]
[EventType "swiss"]
[EventDate "2009.05.30"]

1. e4 c5 2. Nf3 d6 3. d4 cxd4 4. Nxd4 Nf6 5. Nc3 g6 6. f3 Bg7 7. Be3 O-O 8. Qd2
Nc6 9. g4 Nd7 10. O-O-O Nde5 11. Be2 Na5 12. b3 Re8 13. h4 a6 14. h5 Bd7 15.
hxg6 fxg6 16. Rh2 Nf7 17. Bd3 Bxd4 18. Bxd4 e5 19. Be3 g5 20. Rdh1 h6 21. Rxh6
Nxh6 22. Bxg5 Qc8 23. Rxh6 Re6 24. Bf6 Kf7 25. Nd5 Nxb3+ 26. axb3 Qg8 27. Qh2
Rxf6 28. Rxf6+ Ke8 29. Rh6 Qg5+ 30. Kb2 Kd8 31. Rh8+ Be8 32. Qh7 Rc8 33. Qf7
1-0

[Event "DEM U12/U12w 2009"]
[Site "Willingen GER"]
[Date "2009.06.01"]
[Round "4"]
[White "Gröning, Finn Jonathan"]
[Black "Schmitt, Carsten"]
[Result "1-0"]
[Termination "normal"]
[Board "14"]
[WhiteElo "1513"]
[BlackElo "1624"]
[PlyCount "159"]
[WhiteFideId "1271634"]
[BlackFideId "24661040"]
[EventCountry "GER"]
[EventRounds "11"]
[EventType "swiss"]
[EventDate "2009.05.30"]

1. e4 c5 2. Nf3 Nc6 3. d4 cxd4 4. Nxd4 g6 5. Be3 Bg7 6. Bc4 Nf6 7. Nc3 O-O 8.
O-O Qc7 9. f3 Nxd4 10. e5 Qxc4 11. exf6 Bxf6 12. Qd2 Nf5 13. Bg5 Qc5+ 14. Rf2
Bd4 15. Raf1 f6 16. Bf4 e5 17. Bg3 Nxg3 18. hxg3 Bxf2+ 19. Rxf2 f5 20. Kh2 f4
21. g4 d6 22. Ne4 Qc6 23. Nc3 Be6 24. Re2 Bc4 25. Re1 Rfe8 26. Ne4 Rf8 27. b3
Bd5 28. Nc3 Bf7 29. Ne4 Rad8 30. g5 Kg7 31. Qf2 Be6 32. Re2 Bf5 33. Nd2 Rc8 34.
c4 Bd3 35. Re1 Rce8 36. a4 e4 37. fxe4 Bxe4 38. Qd4+ Kg8 39. Nxe4 Re5 40. b4 f3
41. b5 Qd7 42. gxf3 Qe6 43. Nc5 Qe7 44. Rxe5 Qxe5+ 45. Qxe5 dxe5 46. Nxb7 Rxf3
47. Nd6 Rf4 48. Kg3 Kf8 49. a5 Rd4 50. c5 Rd3+ 51. Kf2 Ke7 52. Nc8+ Kd7 53.
Nxa7 Ra3 54. c6+ Kd8 55. b6 Rc3 56. c7+ Rxc7 57. bxc7+ Kxc7 58. Ke3 Kb7 59. Nb5
Ka6 60. Nd6 Kxa5 61. Ke4 Kb6 62. Kxe5 Kc6 63. Ke6 Kc5 64. Nf7 Kd4 65. Kf6 Ke4
66. Kg7 Kf5 67. Kxh7 Ke6 68. Kxg6 Ke7 69. Kh7 Kxf7 70. g6+ Kf6 71. g7 Ke5 72.
g8=Q Kd4 73. Qe6 Kd3 74. Qe5 Kc4 75. Qd6 Kc3 76. Qd5 Kb4 77. Qc6 Kb3 78. Qc5
Kb2 79. Qc4 Ka3 80. Qb5 1-0

[Event "DEM U12/U12w 2009"]
[Site "Willingen GER"]
[Date "2009.06.01"]
[Round "4"]
[White "Hansch, Stephan"]
[Black "Hoffmann, Tim"]
[Result "1-0"]
[Termination "normal"]
[Board "15"]
[WhiteElo "1791"]
[BlackElo "1455"]
[PlyCount "113"]
[BlackFideId "12900338"]
[EventCountry "GER"]
[EventRounds "11"]
[EventType "swiss"]
[EventDate "2009.05.30"]

1. d4 d5 2. Nf3 Nf6 3. e3 e6 4. Bd3 c5 5. b3 Nc6 6. O-O Bd7 7. Nbd2 cxd4 8.
exd4 Bd6 9. Bb2 O-O 10. a3 Qc7 11. Qe2 h6 12. Ne5 Be8 13. f4 Nd7 14. Kh1 Ndxe5
15. fxe5 Be7 16. Qg4 Bd7 17. Rf3 f5 18. Qg6 Kh8 19. Rh3 Nd8 20. Rf1 Be8 21.
Rxh6+ gxh6 22. Qxh6+ Kg8 23. Rf3 Bg5 24. Qxg5+ Qg7 25. Rg3 Qxg5 26. Rxg5+ Kh7
27. g4 Bg6 28. gxf5 Bxf5 29. Bxf5+ Rxf5 30. Rxf5 exf5 31. Nf3 Rc8 32. c3 Ne6
33. Kg2 Rg8+ 34. Kf2 Nf4 35. Ne1 Kg6 36. Ke3 Ne6 37. c4 dxc4 38. bxc4 Rc8 39.
d5 Ng5 40. Kd4 b6 41. e6 Re8 42. c5 bxc5+ 43. Kxc5 Ne4+ 44. Kc6 Re7 45. Nf3 f4
46. a4 Nf6 47. Ba3 Re8 48. e7 Kf5 49. d6 Rc8+ 50. Kb7 Re8 51. Kxa7 Kg4 52. Ne5+
Kh3 53. Kb7 Kg2 54. a5 f3 55. Nxf3 Kxf3 56. a6 Nd7 57. a7 1-0

[Event "DEM U12/U12w 2009"]
[Site "Willingen GER"]
[Date "2009.06.01"]
[Round "4"]
[White "Zimmermann, Jasmin"]
[Black "Brinkmann, Fabian"]
[Result "0-1"]
[Termination "normal"]
[Board "16"]
[WhiteElo "1283"]
[BlackElo "1601"]
[PlyCount "114"]
[WhiteFideId "12900400"]
[BlackFideId "24661414"]
[EventCountry "GER"]
[EventRounds "11"]
[EventType "swiss"]
[EventDate "2009.05.30"]

1. e4 c6 2. d4 d5 3. exd5 cxd5 4. Nc3 Nf6 5. Bf4 a6 6. Nf3 Bf5 7. Bd3 Bxd3 8.
Qxd3 Nc6 9. O-O e6 10. Rfe1 Bd6 11. Bg5 Be7 12. Rac1 O-O 13. Ne2 b5 14. b3 Nb4
15. Qd2 Ne4 16. Bxe7 Nxd2 17. Bxd8 Nxf3+ 18. gxf3 Rfxd8 19. a3 Nc6 20. Kh1 Rac8
21. Rg1 Ne7 22. Rg4 h5 23. Rg5 g6 24. Nf4 Nf5 25. Ne2 Kh7 26. Rgg1 Rd7 27. Rgd1
Rdc7 28. c3 Nh4 29. f4 f6 30. Rd3 g5 31. h3 g4 32. Kh2 f5 33. Kg3 Nf3 34. hxg4
fxg4 35. Kg2 Kg6 36. Ng3 h4 37. Ne2 a5 38. Rdd1 Kh5 39. Rh1 Nd2 40. b4 a4 41.
Rc2 Ne4 42. Re1 h3+ 43. Kh2 Kh4 44. Kg1 Rf7 45. Rf1 Nf6 46. Re1 Nh5 47. Kh2 Rc6
48. Ng3 Rxf4 49. Re5 Ng7 50. Rce2 Rf3 51. R5e3 Rxe3 52. fxe3 Nf5 53. Nf1 g3+
54. Kg1 Kg4 55. Re1 Nh4 56. Nd2 h2+ 57. Kh1 Kh3 0-1

[Event "DEM U12/U12w 2009"]
[Site "Willingen GER"]
[Date "2009.06.01"]
[Round "4"]
[White "Reksten, Anne"]
[Black "Abrahamyan, Arsen"]
[Result "0-1"]
[Termination "normal"]
[Board "17"]
[WhiteElo "1176"]
[BlackElo "1573"]
[PlyCount "145"]
[WhiteFideId "24692778"]
[BlackFideId "1271755"]
[EventCountry "GER"]
[EventRounds "11"]
[EventType "swiss"]
[EventDate "2009.05.30"]

1. c4 Nf6 2. g3 d6 3. e3 Nbd7 4. Nc3 e5 5. Nge2 Nc5 6. d4 Ncd7 7. Bg2 g6 8. O-O
Bg7 9. b3 O-O 10. Bb2 Re8 11. Qc2 c6 12. Rad1 exd4 13. exd4 Nf8 14. Ba3 Bf5 15.
Qd2 Ne4 16. Nxe4 Bxe4 17. Bh3 Bf3 18. Rfe1 Ne6 19. Bb2 Qe7 20. Bf1 Ng5 21. h4
Ne4 22. Qd3 Qf6 23. Qc2 Bg4 24. f4 Bxe2 25. Rxe2 Nxg3 26. Rh2 Nxf1 27. Rxf1 Qe6
28. Qg2 Qe3+ 29. Qf2 Qxf2+ 30. Rfxf2 Re4 31. d5 Bxb2 32. Rxb2 cxd5 33. cxd5
Rxf4 34. Rbc2 Re8 35. Rce2 Rxe2 36. Rxe2 Kf8 37. Rc2 Re4 38. Rc8+ Re8 39. Rc7
Re7 40. Rc8+ Kg7 41. Rd8 Re4 42. Rxd6 Rxh4 43. Rd7 Rb4 44. d6 Kf6 45. Rc7 Ke6
46. d7 Ke7 47. d8=Q+ Kxd8 48. Rxf7 h5 49. Kg2 Ke8 50. Rg7 Rb6 51. Kg3 Kf8 52.
Rc7 Rb4 53. Rc8+ Kg7 54. Rc7+ Kf6 55. Rc3 Rg4+ 56. Kf3 Rh4 57. Kg3 g5 58. a4
Rb4 59. Rf3+ Ke5 60. Rd3 h4+ 61. Kh3 Ke4 62. Rc3 Kf4 63. Rd3 Ke5 64. Rc3 a6 65.
Rd3 Kf5 66. Rf3+ Kg6 67. Rc3 Kh5 68. Kh2 g4 69. Rd3 Kg5 70. Kg2 Kf4 71. Rc3 Ke4
72. a5 Kd4 73. Rc7 0-1

[Event "DEM U12/U12w 2009"]
[Site "Willingen GER"]
[Date "2009.06.01"]
[Round "4"]
[White "Pixa, Richard"]
[Black "Siegert, Gregor"]
[Result "1/2-1/2"]
[Termination "normal"]
[Board "18"]
[WhiteElo "1788"]
[BlackElo "1392"]
[PlyCount "54"]
[WhiteFideId "4626095"]
[BlackFideId "1271250"]
[EventCountry "GER"]
[EventRounds "11"]
[EventType "swiss"]
[EventDate "2009.05.30"]

1. e4 c5 2. Nf3 d6 3. d4 cxd4 4. Nxd4 Nf6 5. Nc3 a6 6. g3 e6 7. Bg2 Be7 8. O-O
Qc7 9. Be3 Nc6 10. Nxc6 bxc6 11. Na4 Rb8 12. b3 O-O 13. c4 d5 14. exd5 cxd5 15.
cxd5 Rd8 16. Qe2 Nxd5 17. Rac1 Qd7 18. Bc5 a5 19. Bxe7 Qxe7 20. Rfd1 Nb4 21.
Rxd8+ Qxd8 22. Rd1 Qc7 23. Qc4 Qe7 24. a3 Ba6 25. Qf4 Rd8 26. Rxd8+ Qxd8 27.
Qc1 Nd3 1/2-1/2

[Event "DEM U12/U12w 2009"]
[Site "Willingen GER"]
[Date "2009.06.01"]
[Round "4"]
[White "Schröder, Jan-Christian"]
[Black "Senf, Paul"]
[Result "1-0"]
[Termination "normal"]
[Board "19"]
[WhiteElo "1820"]
[BlackElo "1330"]
[PlyCount "61"]
[WhiteFideId "24662259"]
[BlackFideId "12900389"]
[EventCountry "GER"]
[EventRounds "11"]
[EventType "swiss"]
[EventDate "2009.05.30"]

1. e4 c6 2. d4 d5 3. e5 Bf5 4. Nf3 e6 5. Be2 Nd7 6. O-O c5 7. c3 Ne7 8. Re1 Nc6
9. Na3 c4 10. Nc2 Be7 11. Ne3 Be4 12. Nd2 Bg6 13. f4 O-O 14. Ndf1 b5 15. Ng3 a5
16. f5 exf5 17. Ngxf5 Nb6 18. Bf3 Re8 19. Rf1 Rb8 20. Qe1 Rb7 21. Qg3 Bf8 22.
h4 h6 23. h5 Bxf5 24. Nxf5 Kh7 25. Bd1 Rd7 26. Bc2 Kh8 27. Rf4 Re6 28. Rg4 f6
29. Bxh6 Qc7 30. Bxg7+ Bxg7 31. h6 1-0

[Event "DEM U12/U12w 2009"]
[Site "Willingen GER"]
[Date "2009.06.01"]
[Round "4"]
[White "Peters, Tom"]
[Black "Peil, Christoph"]
[Result "0-1"]
[Termination "normal"]
[Board "20"]
[WhiteElo "1528"]
[BlackElo "1756"]
[PlyCount "80"]
[WhiteFideId "24694444"]
[BlackFideId "24651800"]
[EventCountry "GER"]
[EventRounds "11"]
[EventType "swiss"]
[EventDate "2009.05.30"]

1. e4 c5 2. Nf3 e6 3. d4 cxd4 4. Nxd4 Nc6 5. Nc3 Nf6 6. Ndb5 d6 7. Bf4 e5 8.
Bg5 a6 9. Na3 b5 10. Nd5 Be7 11. Bxf6 Bxf6 12. c3 Ne7 13. Nxf6+ gxf6 14. Nc2
Bb7 15. Bd3 Qb6 16. Ne3 f5 17. exf5 d5 18. Nc2 O-O-O 19. a4 Rhg8 20. Rg1 bxa4
21. Nb4 a5 22. Rxa4 axb4 23. Rxb4 Qc6 24. Qa1 Rd6 25. Qa7 Kc7 26. Qa5+ Kb8 27.
Kd2 Nc8 28. Ra1 Nb6 29. Qa7+ Kc7 30. Bb5 Qc5 31. Ba6 Nc4+ 32. Bxc4 dxc4+ 33.
Ke2 Qxa7 34. Rxa7 Rb6 35. Rxc4+ Kb8 36. Ra5 Rxb2+ 37. Ke3 f6 38. g3 Rg5 39. Rh4
Rxf5 40. Rxh7 Rf3# 0-1

[Event "DEM U12/U12w 2009"]
[Site "Willingen GER"]
[Date "2009.06.01"]
[Round "4"]
[White "Huckebrink, Chris"]
[Black "Grigorian, Spartak"]
[Result "1/2-1/2"]
[Termination "normal"]
[Board "21"]
[WhiteElo "1489"]
[BlackElo "1765"]
[PlyCount "106"]
[BlackFideId "24661490"]
[EventCountry "GER"]
[EventRounds "11"]
[EventType "swiss"]
[EventDate "2009.05.30"]

1. f4 g6 2. Nf3 Bg7 3. e4 c5 4. c3 d5 5. Bb5+ Bd7 6. Bxd7+ Qxd7 7. d3 Nc6 8.
O-O e5 9. fxe5 Nxe5 10. Nxe5 Bxe5 11. d4 cxd4 12. cxd4 Bg7 13. e5 Ne7 14. Bg5
O-O 15. Bf6 Nf5 16. Bxg7 Kxg7 17. Qd2 h5 18. Na3 Rac8 19. Nb5 Ng3 20. hxg3 Qxb5
21. Rac1 Qd7 22. Rxc8 Rxc8 23. Rc1 Rxc1+ 24. Qxc1 Qa4 25. Qg5 Qxd4+ 26. Kh2 Qf2
27. Qe7 Qxb2 28. Qf6+ Kg8 29. Qd8+ Kh7 30. Qxd5 Kg7 31. e6 fxe6 32. Qxe6 Qf6
33. Qd7+ Qf7 34. Qd4+ Kh7 35. Qxa7 Qc7 36. Qf2 Qd7 37. Qf3 b5 38. Kg1 Qd4+ 39.
Kh2 Qc4 40. Qb7+ Kh6 41. a3 Qd3 42. Qb8 Qf5 43. Qh8+ Kg5 44. Qd8+ Qf6 45. Qd5+
Qf5 46. Qd8+ Kh6 47. Qh8+ Kg5 48. Qd8+ Qf6 49. Qd5+ Qf5 50. Qd8+ Qf6 51. Qd5+
Qf5 52. Qd8+ Qf6 53. Qd5+ Qf5 1/2-1/2

[Event "DEM U12/U12w 2009"]
[Site "Willingen GER"]
[Date "2009.06.01"]
[Round "4"]
[White "Bonk, Andras"]
[Black "Kasel, Ronaldo"]
[Result "1-0"]
[Termination "normal"]
[Board "22"]
[WhiteElo "1759"]
[BlackElo "1544"]
[PlyCount "77"]
[WhiteFideId "24692123"]
[BlackFideId "24660949"]
[EventCountry "GER"]
[EventRounds "11"]
[EventType "swiss"]
[EventDate "2009.05.30"]

1. e4 e5 2. Nf3 Nc6 3. Bb5 a6 4. Ba4 Nf6 5. O-O d6 6. Re1 Bg4 7. c3 Be7 8.
Bxc6+ bxc6 9. d4 Nd7 10. Be3 O-O 11. Nbd2 Rb8 12. Rb1 f5 13. exf5 Bxf5 14. dxe5
Bxb1 15. exd6 Bxd6 16. Qxb1 Nf6 17. Nd4 Qd7 18. h3 Nd5 19. Nc4 Nxc3 20. Qc2
Nxa2 21. Nxd6 cxd6 22. Nxc6 Rbc8 23. Qb3+ Kh8 24. Nd4 Qf7 25. Ne6 Nb4 26. Bd4
Rfe8 27. Qg3 Kg8 28. Re4 g6 29. Qxd6 Nc2 30. Ng5 Qb7 31. Be5 Qc6 32. Qd3 Qb5
33. Qf3 Rf8 34. Qg4 Rce8 35. Nxh7 Kxh7 36. Qh4+ Kg8 37. Qh8+ Kf7 38. Qf6+ Kg8
39. Qg7# 1-0

[Event "DEM U12/U12w 2009"]
[Site "Willingen GER"]
[Date "2009.06.01"]
[Round "4"]
[White "Bajorski, Maria Sophie"]
[Black "Hansch, Karsten"]
[Result "0-1"]
[Termination "normal"]
[Board "23"]
[WhiteElo "1485"]
[BlackElo "1839"]
[PlyCount "48"]
[WhiteFideId "24654531"]
[BlackFideId "24692239"]
[EventCountry "GER"]
[EventRounds "11"]
[EventType "swiss"]
[EventDate "2009.05.30"]

1. e4 c5 2. Nf3 d6 3. d4 cxd4 4. Nxd4 Nf6 5. Nc3 a6 6. Bc4 e6 7. Bb3 Be7 8. f4
O-O 9. Qf3 e5 10. Nf5 Bxf5 11. exf5 Nc6 12. Be3 Qc7 13. O-O-O Na5 14. Bd5 Rac8
15. Rd2 Nc4 16. Re2 Nxb2 17. Bd2 Nxd5 18. Kxb2 Nxc3 19. Bxc3 Bf6 20. Qh3 Qc6
21. Rc1 Qb5+ 22. Ka1 Qxe2 23. g4 Rxc3 24. Qh5 Rxc2 0-1

[Event "DEM U12/U12w 2009"]
[Site "Willingen GER"]
[Date "2009.06.01"]
[Round "4"]
[White "Keller, Peter"]
[Black "Kreyssig, Robert"]
[Result "1/2-1/2"]
[Termination "normal"]
[Board "24"]
[WhiteElo "1458"]
[BlackElo "1787"]
[PlyCount "128"]
[WhiteFideId "1272105"]
[BlackFideId "4662881"]
[EventCountry "GER"]
[EventRounds "11"]
[EventType "swiss"]
[EventDate "2009.05.30"]

1. e4 c5 2. Nf3 d6 3. d4 cxd4 4. Nxd4 Nf6 5. Nc3 g6 6. Bc4 Bg7 7. O-O Nc6 8.
Re1 O-O 9. Bg5 Bd7 10. h3 Rc8 11. Bb3 Qb6 12. Nxc6 Bxc6 13. Nd5 Bxd5 14. exd5
Rc7 15. Qf3 h6 16. Be3 Qa5 17. c3 b5 18. Bd2 Qb6 19. Re2 a5 20. a3 Re8 21. Rae1
Qb7 22. Bf4 Rd8 23. Be3 b4 24. axb4 axb4 25. cxb4 Rdc8 26. Bd2 Kf8 27. Bc3 Ng8
28. Re3 h5 29. Bc2 Nf6 30. Bb3 Ng8 31. g4 hxg4 32. hxg4 Bxc3 33. bxc3 Kg7 34.
Kg2 Nf6 35. Rh1 Nh7 36. Qh3 Rh8 37. Qh6+ Kg8 38. Kg1 Qc8 39. Qh3 Qa6 40. c4 Qb6
41. b5 Qc5 42. Rc3 Ra7 43. Kg2 Qd4 44. Rd3 Qe4+ 45. Qf3 Qxf3+ 46. Rxf3 Ng5 47.
Rxh8+ Kxh8 48. Re3 Kg7 49. f4 Nh7 50. g5 Nf8 51. Kf3 e6 52. Bd1 exd5 53. cxd5
Nd7 54. Re8 Nc5 55. Ke3 Ra3+ 56. Ke2 Rd3 57. Ke1 Rxd5 58. Bf3 Rd3 59. Ke2 Rb3
60. Bc6 Ne6 61. Kd2 Nd4 62. Re3 Rb4 63. Rd3 Nxb5 64. Bxb5 Rxb5 1/2-1/2